000 00629nam a2200181Ia 4500
008 100921s9999 xx 000 0 und d
082 _b26987
_a920 थ 33
100 _aGarrett John.
245 _aThe Kings Treasuries Of Literature.
260 _bदत्तन अँड कंपनी,न्यूयॉर्क.
_c1933
300 _a256
_b---
365 _b0
520 _aललित इंग्रजी चरित्र.
630 _aThe Kings Treasuries Of Literature.
650 _aललित इंग्रजी चरित्र.
730 _aThe Kings Treasuries Of Literature.
942 _cBOOK
999 _c776100
_d776097